000 00798nam a22002057a 4500
001 13353
005 20250929092122.0
008 250929b |||||||| |||| 00| 0 eng d
020 _a9780281044726
040 _aBSULIB
082 _a221.9
_bHIN
100 _aHinson, David F.
_925948
245 _aOld Testament introduction. 1:
_bHistory of Israel/
_c David F. Hinson.
250 _aRevised Ed.
260 _aLondon :
_bSPCK
_c1990.
300 _a xvi, 237 p.
_bill., maps ;
_c22 cm.
521 _a--Introduction --The Patriarchs --The Exodus --The twelve tribes --The First Kings --The Two kingdoms --The Assyrian Empire --The Babylonian Empire --The Persian Empire --The Greek Empire --The Roman Empire
650 _2Bible Old Testament -- Criticism, interpretation
942 _2ddc
_cBK
999 _c13353
_d13353